| 000 | 00438nam a2200193Ia 4500 | ||
|---|---|---|---|
| 001 | 12425 | ||
| 003 | GE_BSU | ||
| 008 | 181216s||||||||xx |||||||||||||| ||und|| | ||
| 040 | _cGE_BSU | ||
| 080 | _a821.111-312.4 | ||
| 100 | _aPatterson,James; Ledwidge,Michael. | ||
| 245 | _aRun For Your Life. | ||
| 260 | _aGreat Britain. | ||
| 260 | _bBCA. | ||
| 260 | _c2009 | ||
| 300 | _a390p;20cm. | ||
| 653 | _aRun For Your Life. | ||
| 942 | _cBK | ||
| 999 |
_c45599 _d45599 |
||